[Event "Vienna Silvester op-B"]
[Site "Vienna"]
[Date "2021.12.29"]
[Round "3"]
[White "Korzinowsky, Juergen"]
[Black "Schwarhofer, Barbara"]
[Result "0-1"]
[WhiteElo "1092"]
[BlackElo "1622"]
[PlyCount "78"]
[EventDate "2021.12.27"]
[EventType "swiss"]
[EventRounds "7"]
[EventCountry "AUT"]
[SourceTitle "EXT 2023"]
[Source "ChessBase"]
[SourceDate "2022.10.05"]
[SourceVersion "1"]
[SourceVersionDate "2022.10.05"]
[SourceQuality "1"]

1. e4 c5 2. Nf3 e6 3. d4 cxd4 4. Nxd4 a6 5. Nc3 Qc7 6. Bd3 Bb4 7. Bd2 Nf6 8. 0-0 Nc6 9. Nxc6 dxc6 10. Kh1 h5 11. h3 Ng4 12. f4 Bc5 13. Be1 Ne3 14. Qe2 Nxf1 15. Qxf1 Bd7 16. Na4 Ba7 17. e5 c5 18. Nc3 Bc6 19. Be4 0-0-0 20. Qf3 Bxe4 21. Nxe4 c4 22. Nd6+ Kb8 23. Bf2 Bxf2 24. Qxf2 f6 25. Rf1 Rhf8 26. Qe2 fxe5 27. fxe5 c3 28. b3 g6 29. Kg1 Qc5+ 30. Kh2 Rxf1 31. Qxf1 Qxe5+ 32. Kg1 Qxd6 33. Qf2 Qd4 34. Qxd4 Rxd4 35. Kf1 Rd2 36. Ke1 Rxc2 37. a4 Rxg2 38. Kd1 c2+ 39. Kc1 Kc7 0-1